| 000 | 00669cam a2200241 4500 | ||
|---|---|---|---|
| 001 | 1965 | ||
| 010 | _a9789896600457 | ||
| 021 |
_aPT _b309409/10 |
||
| 090 | _a1965 | ||
| 100 | _a20010509d2001 m y0pory5003 ba | ||
| 101 | _apor | ||
| 102 | _aPT | ||
| 200 |
_aNão te deixarei morrer, David Crockett _fMiguel Sousa Tavares |
||
| 205 | _a2ª edição | ||
| 210 |
_aAlfragide _cLeya _d2011 |
||
| 215 |
_a191 p. _d19 cm |
||
| 300 | _aBMB-Registado | ||
| 606 |
_9776 _aLiteratura Portuguesa |
||
| 606 |
_9955 _aLiteratura periódica _xCrónicas de jornais |
||
| 675 |
_a821.134.3-92 _vBMB _zpor |
||
| 700 |
_aTavares _bMiguel Sousa _f1950 _9883 |
||
| 801 |
_aPT _bBMB _gRPC |
||
| 990 | _cLIVROS | ||